LEADER 00876cam2 2200241 450 001 E600200050560 005 20200513113100.0 100 $a20090623d1927 |||||ita|0103 ba 101 $aita 102 $aIT 200 1 $a1$eOrganizzazione del Congresso - Verbali - Testi delle Relazioni e Comunicazioni (Sezioni Riunite - Sezione Prima - Sezione Seconda) 210 $aMilano$cs. e.$d1927 - VI 215 $a409 p.$c30 ill. : c. geogr$d25 cm 461 1$1001E600200050558$12000 $aAtti del X Congresso Geografico Italiano : Milano, 1927 801 0$aIT$bUNISOB$c20200513$gRICA 850 $aUNISOB 852 $aUNISOB$j910$m5237 912 $aE600200050560 940 $aM 102 Monografia moderna SBN 941 $aM 957 $a910$b000102$i-1$gSi$d5237$racquisto$1pregresso2$2UNISOB$3UNISOB$420090623070501.0$520200513113100.0$6Alfano 996 $a1$961339 997 $aUNISOB